| 000 | 02879cam a2200433 i 4500 | ||
|---|---|---|---|
| 999 |
_c13967 _d13967 |
||
| 001 | 19337850 | ||
| 003 | OSt | ||
| 005 | 20190708101021.0 | ||
| 008 | 161017s2017 mnu b 000 0 eng | ||
| 010 | _a 2016028151 | ||
| 020 | _a9781605545042 (paperback : alk. paper) | ||
| 040 |
_aDLC _beng _cDLC _erda _dDLC |
||
| 042 | _apcc | ||
| 050 | 0 | 0 |
_aHV888 _b.C76 2017 |
| 082 | 0 | 0 |
_aDC 362.4083 _22017 _bC874 |
| 084 |
_aEDU026000 _aEDU048000 _aFAM012000 _aEDU023000 _2bisacsh |
||
| 100 | 1 |
_aCroft, Cindy, _eauthor. _938878 |
|
| 245 | 1 | 0 |
_aCaring for young children with special needs / _cCindy Croft. |
| 264 | 1 |
_aSt. Paul, MN : _bRedleaf Press, _c[2017] |
|
| 300 |
_aviii, 88 pages ; _c28 cm. |
||
| 336 |
_atext _btxt _2rdacontent |
||
| 337 |
_aunmediated _bn _2rdamedia |
||
| 338 |
_avolume _bnc _2rdacarrier |
||
| 365 |
_b878.00 _cPhp |
||
| 490 | 0 | _aRedleaf quick guides | |
| 504 | _aIncludes bibliographical references (pages 85-87) | ||
| 520 |
_a"This easy-to-use guide gives you a quick overview on many topics related to working with young children with special needs. Learn about inclusion in early childhood programs and disability law, as well as typical vs. atypical development. The quick guide also covers several specific disabilities/special needs and provides definitions, common characteristics, and practical strategies for adaptation. Cindy Croft is the director of the Center for Inclusive Child Care at Concordia University and on faculty for several university education programs. She has her MA in Education and has worked in the field of early childhood for over twenty years"-- _cProvided by publisher. |
||
| 520 |
_a"This quick guide gives you what you need to start working with children with special needs. Includes a look at: inclusion in early childhood programs, disability law, the framework of an inclusive program, and typical vs. atypical development. Several specific disabilities and special needs are covered, with definitions, common characteristics of children with these special needs, and strategies for adaptation to include all children in your program"-- _cProvided by publisher. |
||
| 650 | 0 |
_aChildren with disabilities _xServices for. _938879 |
|
| 650 | 0 |
_aChild development. _938880 |
|
| 650 | 7 |
_aEDUCATION / Special Education / General. _2bisacsh _938881 |
|
| 650 | 7 |
_aEDUCATION / Inclusive Education. _2bisacsh _938882 |
|
| 650 | 7 |
_aFAMILY & RELATIONSHIPS / Children with Special Needs. _2bisacsh _938883 |
|
| 650 | 7 |
_aEDUCATION / Preschool & Kindergarten. _2bisacsh _938884 |
|
| 776 | 0 | 8 |
_iOnline version: _aCroft, Cindy, author. _tCaring for young children with special needs _dSt. Paul, MN : Redleaf Press, [2017] _z9781605545059 _w(DLC) 2016048243 |
| 906 |
_a7 _bcbc _corignew _d1 _eecip _f20 _gy-gencatlg |
||
| 942 |
_2ddc _cDC |
||